That You Are - Hozier & Bedouine - All Lyrics - Statistics

General Stats
  • This quiz has been taken 15 times
  • The average score is 133 of 156
Answer Stats
Answer % Correct
a
100%
are,
100%
are
100%
I
100%
of
100%
that
100%
That
100%
you
100%
anywhere
90%
be
90%
brings
90%
I'd
90%
in
90%
it
90%
It's
90%
me
90%
me,
90%
sound
90%
the
90%
The
90%
there
90%
all
80%
All
80%
and
80%
city
80%
day
80%
have
80%
into
80%
is
80%
Maybe
80%
out
80%
prayer
80%
See
80%
to
80%
yet
80%
about
70%
cars
70%
each
70%
finds
70%
hear
70%
locked
70%
melody
70%
no
70%
places
70%
Planes
70%
trains
70%
venture
70%
working
70%
ajar
60%
Carve
60%
door
60%
Every
60%
half-made
60%
Leave
60%
like
60%
mistakes
60%
muscles
60%
take
60%
twitching
60%
blades
50%
curve
50%
get
50%
moment
50%
step
50%
But
40%
lines
40%
song
40%
their
40%
This
40%
No matching quizzes found
Score Distribution
Percent of People with Each Score
Percentile by Number Answered
Your Score History
You have not taken this quiz